000 01111naa a22003137a 4500
001 BR6009893
003 BR-BrBNA
005 20240918173121.0
007 ta
008 230509b bl.||||| |||| 00| 0 por d
040 _aBR-BrBNA
_bpor
_cBiblioteca Nacional de Agricultura
041 _a(Pt)
072 _aK50
_b8901
_b8919
_b8961
_b9320
_bG514
090 _aK50 BR6009893
100 1 _aGabellini, E.B.E.
111 1 _a1. Congresso Florestal Brasileiro
_cCuritiba, PR (Brazil)
_d13 Sep 1953
245 1 _aSacarificacao de residuos florestais [Industria florestal; Madeira; Acucar; Celulose; Alcool; Brasil]
260 3 _aCuritiba, PR (Brasil):
_c1954.
500 _aAnais do 1. Congresso Florestal Brasileiro Curitiba, PR (Brasil): 1954. p. 251-274 (BR6009893-AM)K50
650 _aIndustria florestal
650 _aMadeira
650 _aCelulose
650 _aAlcool
650 _aAcucar
650 _aSacarificacao
773 0 _tAnais do 1. Congresso Florestal Brasileiro
_wK50 BR6009893
_gCuritiba, PR (Brasil), 1954. p. 251-274
909 _a202404
_bLucia
_c55
_dLucia Elande
942 _cAM
_2AGRIS
999 _c302974
_d302974